000 00495nam a2200181 4500
003 SEACOMEC
005 20240430112747.0
008 240430b |||||||| |||| 00| 0 eng d
020 _a 9788185749624
_cRs.220.00
040 _aSEACOMEC
082 _a620.0222
_bG475
100 _a Gill, P S
245 1 _aA Text book of engineering drawing (Geometrical drawing)
_c P S Gill
250 _a11th ed.
260 _aNew Delhi
_b S K Kataria
_c2006
650 _a ENGINEERING DRAWING
942 _cBOOK
999 _c952
_d952